| 000 | 01016cam a2200313 a 4500 | ||
|---|---|---|---|
| 001 | 000014833 | ||
| 003 | UkOxU | ||
| 005 | 20200929163915.0 | ||
| 008 | 500101s1979 mx a 000 0 spa u | ||
| 020 | _a9683500099 | ||
| 035 | _aOCLC ocm01040249 from D950216M | ||
| 040 |
_aDO-SdBNP _bspa _cBNPHU _dEQO |
||
| 050 | 0 |
_aF1386 _b.B3518 |
|
| 082 |
_aNN _bB328c |
||
| 100 | 1 |
_aBataillon, Claude, _d1931- _933608 |
|
| 245 | 1 | 3 |
_aLa ciudad de México / _cClaude Bataillon y Hélène Rivière D'Arc ; traducción Carlos Montemayor y Josefina Anaya. |
| 260 |
_aMéxico : _bSep Diana, _c1979. |
||
| 300 |
_a156-[157-180] p. : _bil. ; _c17 cm. |
||
| 490 | 1 |
_aSepSetentas _v99 |
|
| 504 | _aBibliografía: p. 155-158 | ||
| 651 | 0 |
_aMexico City (Mexico{Rpara} _933609 |
|
| 700 | 1 |
_aRivière d'Arc, Hélène. _933610 |
|
| 700 | 1 |
_aMontemayor, Carlos. _etr. _933611 |
|
| 700 | 1 |
_aAnaya, Josefina, _etr. _933612 |
|
| 830 | 0 |
_aSepSetentas ; _v99 _98937 |
|
| 910 | _aCatalogación derivada | ||
| 049 | _aBNGR | ||
| 082 | _a917.2/5 | ||
| 999 |
_c14413 _d14413 |
||